| 000 | 00755nam a2200253Ia 4500 | ||
|---|---|---|---|
| 008 | 191130s2009##################000#0#eng## | ||
| 020 | _a9783110209464 | ||
| 022 | _a2009004216 | ||
| 040 |
_aACL _cACL |
||
| 082 | _a205.677 FRE | ||
| 245 |
_aCharity and giving in monotheistic religion _cedited by Miriam Frenkel and Yaacov Lev |
||
| 260 |
_aBerlin ; New York _bWalter de Gruyter _cc2009 |
||
| 300 | _axvi, 413 p. : ill. ; 24 cm | ||
| 500 | _aIncludes bibliographical references | ||
| 650 | _aCharity | ||
| 650 | _aGenerosity | ||
| 650 | _aGenerosity - Religious aspects | ||
| 650 | _aMonotheism | ||
| 700 | _aFrenkel, Miriam | ||
| 700 | _aLev, Yaacov | ||
| 990 | _a0e6ce8f9ac10000c68ec8162f3c4ba52 | ||
| 991 | _a76641 | ||
| 999 |
_c126771 _d126771 |
||